| 000 | 00454nam a2200193Ia 4500 | ||
|---|---|---|---|
| 008 | 170918s9999 xx 000 0 und d | ||
| 020 | _a9780590466721 | ||
| 050 | _bP665 1976 | ||
| 100 | _aPiper, Watty | ||
| 245 | 4 | _aThe little engine that could / | |
| 245 | _cWatty Piper. | ||
| 260 | _aNew York : | ||
| 260 | _bScholastic, | ||
| 260 | _c1976 | ||
| 300 | _aunpaged : | ||
| 300 | _bcolored illustration ; | ||
| 300 | _c22cm. | ||
| 500 | _a680 | ||
| 999 |
_c342598 _d342598 |
||